Analysis of Airflow Patterns and Microplastic Particles Deposition of Various Shapes in Realistic Human Lungs Model using CFDDiscrete Phase Method / (Record no. 608253)
[ view plain ]
| 000 -LEADER | |
|---|---|
| fixed length control field | 01791nam a22001577a 4500 |
| 082 ## - DEWEY DECIMAL CLASSIFICATION NUMBER | |
| Classification number | 621 |
| 100 ## - MAIN ENTRY--PERSONAL NAME | |
| Personal name | Lodhi, Abdul Haseeb |
| 245 ## - TITLE STATEMENT | |
| Title | Analysis of Airflow Patterns and Microplastic Particles Deposition of Various Shapes in Realistic Human Lungs Model using CFDDiscrete Phase Method / |
| Statement of responsibility, etc. | Abdul Haseeb Lodhi |
| 264 ## - PRODUCTION, PUBLICATION, DISTRIBUTION, MANUFACTURE, AND COPYRIGHT NOTICE | |
| Place of production, publication, distribution, manufacture | Islamabad : |
| Name of producer, publisher, distributor, manufacturer | SMME- NUST; |
| Date of production, publication, distribution, manufacture, or copyright notice | 2024. |
| 300 ## - PHYSICAL DESCRIPTION | |
| Extent | 102p. |
| Other physical details | Soft Copy |
| Dimensions | 30cm |
| 500 ## - GENERAL NOTE | |
| General note | The presence of microplastics in the human respiratory system raises alarm regarding the adverse<br/>effects on human health from the exposure of these particles to airway tracts. Microplastics are<br/>byproducts of industrial processes and waste and are chemically hazardous for the human body.<br/>Therefore, prediction of deposition patterns of inhaled particles can help in reevaluating risk<br/>associated with these particles and indication of parts of human airways that are highly exposed to<br/>these risks. In this thesis, a study was conducted on deposition patterns of microplastic particles in<br/>human airways and the effect of airflow distribution on the deposition efficiency of these particles<br/>inside human lungs. An MRI scanned realistic human lung model was prepared as a CAD<br/>geometry on which CFD analysis was performed using DPM. Both spherical and non-spherical<br/>particles were injected for analysis. Parametric study was conducted with varying flow-rates,<br/>diameters and shape factors, the results of which can help in specifying parts of airways which can<br/>be most affected by the deposition and thus can be targeted by drug delivery system for efficient<br/>treatment. |
| 650 ## - SUBJECT ADDED ENTRY--TOPICAL TERM | |
| Topical term or geographic name entry element | MS Mechanical Engineering |
| 700 ## - ADDED ENTRY--PERSONAL NAME | |
| Personal name | Supervisor : Dr. Adnan Munir |
| 856 ## - ELECTRONIC LOCATION AND ACCESS | |
| Uniform Resource Identifier | <a href="http://10.250.8.41:8080/xmlui/handle/123456789/42269">http://10.250.8.41:8080/xmlui/handle/123456789/42269</a> |
| 942 ## - ADDED ENTRY ELEMENTS (KOHA) | |
| Source of classification or shelving scheme | |
| Koha item type | Thesis |
| Withdrawn status | Permanent Location | Current Location | Shelving location | Date acquired | Full call number | Barcode | Koha item type |
|---|---|---|---|---|---|---|---|
| School of Mechanical & Manufacturing Engineering (SMME) | School of Mechanical & Manufacturing Engineering (SMME) | E-Books | 02/26/2024 | 621 | SMME-TH-992 | Thesis |
